Т. 10, № 2; Известия Томского Технологического Института [Известия ТТИ]
| Parent link: | Известия Томского Технологического Института [Известия ТТИ]/ Томский технологический институт (ТТИ). Т. 10, № 2.— , 1903-1925 |
|---|---|
| Gaia: | Текст в русской дореформенной орфографии Печатано по распоряжению Директора Томского Технологического Института Императора Николая II Раздельная пагинация страниц |
| Hizkuntza: | errusiera |
| Argitaratua: |
Типо-литография Сибирского Т-ва Печатного Дела, 1908
|
| Gaiak: | |
| Formatua: | MixedMaterials Liburua |
| KOHA link: | https://koha.lib.tpu.ru/cgi-bin/koha/opac-detail.pl?biblionumber=159820 |
MARC
| LEADER | 00000nam2a2200000 4500 | ||
|---|---|---|---|
| 001 | 159820 | ||
| 005 | 20231101222136.0 | ||
| 035 | |a (RuTPU)RU\TPU\book\173336 | ||
| 035 | |a RU\TPU\book\172698 | ||
| 090 | |a 159820 | ||
| 100 | |a 20090515d1908 k y0rusy50 ca | ||
| 101 | 0 | |a rus | |
| 102 | |a RU | ||
| 105 | |a a z 000zy | ||
| 200 | 0 | |a Т. 10, № 2 | |
| 210 | |c Типо-литография Сибирского Т-ва Печатного Дела |d 1908 | ||
| 215 | |a [6], 51, [23], 69-155, [19], 6, 54, [6], IV с. |c ил., черт., табл. | ||
| 300 | |a Текст в русской дореформенной орфографии | ||
| 300 | |a Печатано по распоряжению Директора Томского Технологического Института Императора Николая II | ||
| 300 | |a Раздельная пагинация страниц | ||
| 316 | |5 63413507: ШкА/23 |a Владельческий переплет ТТИ | ||
| 461 | 1 | |0 (RuTPU)RU\TPU\book\165999 |t Известия Томского Технологического Института [Известия ТТИ] |f Томский технологический институт (ТТИ) |v Т. 10, № 2 |d 1903-1925 | |
| 601 | 0 | 2 | |a Томский технологический институт (ТТИ) |c (1896-1923) |2 stltpush |3 (RuTPU)RU\TPU\col\9244 |b библиотека |
| 606 | 1 | |a Колесотокарные станки |2 stltpush |3 (RuTPU)RU\TPU\subj\14718 |9 41072 | |
| 606 | 1 | |a Инжекторы |2 stltpush |3 (RuTPU)RU\TPU\subj\39242 | |
| 606 | 1 | |a Минеральные воды |x Геология |2 stltpush |3 (RuTPU)RU\TPU\subj\44048 |9 63434 | |
| 610 | 1 | |a эволюция | |
| 610 | 1 | |a теория | |
| 610 | 1 | |a расчет | |
| 610 | 1 | |a состав | |
| 610 | 1 | |a заграничные командировки | |
| 610 | 1 | |a деятельность | |
| 610 | 1 | |a отчеты | |
| 610 | 1 | |a труды учёных ТПУ | |
| 610 | 1 | |a коллекция ТПУ | |
| 610 | 1 | |a владельческие знаки | |
| 675 | |a 621.941.27 |v 3 | ||
| 675 | |a 621 |v 3 | ||
| 675 | |a 553.7 |v 3 | ||
| 801 | 1 | |a RU |b 63413507 |c 20090209 |g PSBO | |
| 801 | 2 | |a RU |b 63413507 |c 20190617 |g PSBO | |
| 942 | |c BK | ||